000 00465nam a2200181Ia 4500
003 GCL
008 140319s9999 xx 000 0 eng d
040 _aGCL /
_cGCL
082 0 4 _a843
_bA M
100 1 _aMANCHETTE, JEAN PATRICK
245 1 0 _aL'AFFAIRE N'GUSTRO /
_cMANCHETTE, JEAN PATRICK
260 _a[S.N] :
_bFOLIO ،
_c1990
300 _a216 P
490 _aCOLLECTION FOLIO
_v0
650 0 4 _aLITERATURE
650 0 4 _aFRENCH LITERATURE
942 _2ddc
_cBK
999 _c22829
_d22829